| 000 | 00543nam a22001937a 4500 | ||
|---|---|---|---|
| 003 | OSt | ||
| 005 | 20140310181804.0 | ||
| 008 | 130704t xxu||||| |||| 00| 0 eng d | ||
| 020 | _a971082869X | ||
| 050 |
_aPL 6056 _b.D321 2004 |
||
| 082 |
_aREF 499.211 _bD36 2004 |
||
| 245 |
_aNew Tagalog-English, English-Tagalog dictionary / _cDe Guzman, Maria Odulio |
||
| 260 |
_aMandaluyong City, PH : _bNational Bookstore, _c2004. |
||
| 300 |
_a195 p. _c14 cm. |
||
| 521 | _a | ||
| 541 | _j1 | ||
| 562 | _e1 | ||
| 942 |
_2lcc _cBK-GR _kREF |
||
| 999 |
_c3754 _d3754 |
||